A more reliable 'friend' (Record no. 80676)

MARC details
000 -LEADER
fixed length control field 00702cab a22001815a 4500
001 - CONTROL NUMBER
control field L144988
008 - FIXED-LENGTH DATA ELEMENTS--GENERAL INFORMATION
fixed length control field 080828e20080823xxka f g 000 0 eng d
035 ## - SYSTEM CONTROL NUMBER
System control number (Sirsi) u144988
041 0# - LANGUAGE CODE
Language code of text/sound track or separate title eng
100 1# - MAIN ENTRY--PERSONAL NAME
Personal name Burgess, Simon
245 02 - TITLE STATEMENT
Title A more reliable 'friend'
260 ## - PUBLICATION, DISTRIBUTION, ETC.
Date of publication, distribution, etc. 2008
490 ## - SERIES STATEMENT
Series statement Estates Gazette
Volume/sequential designation (0833) 23 August 2008, 72-73(2)
520 ## - SUMMARY, ETC.
Summary, etc. This first of a two part Mainly for Students article looks at the historical background of trusts and explores the benefits and structures of typical trusts. See also 'Take the long term view' (L145127).
651 #4 - SUBJECT ADDED ENTRY--GEOGRAPHIC NAME
Geographic name England and Wales
Chronological subdivision 1543-
690 ## - LOCAL SUBJECT ADDED ENTRY--TOPICAL TERM (OCLC, RLIN)
Topical term or geographic name as entry element PROPERTY-PROPERTY FINANCE & INVESTMENT-REAL ESTATE INVESTMENT TRUSTS
942 ## - ADDED ENTRY ELEMENTS (KOHA)
Suppress in OPAC 0
Holdings
Withdrawn status Lost status Source of classification or shelving scheme Damaged status Not for loan Home library Current library Shelving location Date acquired Total Checkouts Full call number Barcode Date last seen Copy number Price effective from Koha item type
    Dewey Decimal Classification     London London Journal article 28/08/2008   L144988 144988-2001 06/08/2019 1 06/08/2019 Journal article